Top 10 Serial Killers - Statistics

General Stats
  • This quiz has been taken 302 times
  • The average score is 6 of 10
Answer Stats
Picture Answer % Correct
Jeffrey Dahmer
91%
Jack the Ripper
90%
Ted Bundy
90%
John Wayne Gacy
75%
Zodiac
68%
Ed Gein
58%
Richard Ramirez
54%
David Berkowitz
34%
Dennis Rader
34%
H.H. Holmes
31%
No matching quizzes found
Score Distribution
Percent of People with Each Score
Percentile by Number Answered
Your Score History
You have not taken this quiz